| 000 | 00718cam a2200217 4500 | ||
|---|---|---|---|
| 001 | J113723 | ||
| 008 | 010723n2001 000 0 eng u | ||
| 035 | _a(Sirsi) u113723 | ||
| 110 |
_aRoyal Institution of Chartered Surveyors _94900 |
||
| 245 | _aContinuing professional development : guidance notes and personal development planner. | ||
| 260 |
_aLondon _bRICS _c2001 |
||
| 300 | _a16p. ; 30cm. | ||
| 505 | _aAvailable free from the Education department email [email protected]. | ||
| 650 | _aCONTINUING PROFESSIONAL DEVELOPMENT | ||
| 650 | _aCPD | ||
| 650 | _aCAREERS, EDUCATION AND TRAINING | ||
| 650 | _aCAREER DEVELOPMENT | ||
| 650 | _aRICS | ||
| 690 | _aTRAINING AND CAREER DEVELOPMENT | ||
| 942 | _n0 | ||
| 999 |
_c101552 _d101552 |
||